Príručka právnych predpisov pre knižnice a informačné strediská VTEI dodatok k 1.-4. zväzku

Salvato in:
Dettagli Bibliografici
Autore principale: Bezák, Jozef
Natura: Libro
Lingua:slovacco
Pubblicazione: Bratislava Slovenské pedagogické nakladateľstvo 1980
Tags: Aggiungi Tag
Nessun Tag, puoi essere il primo ad aggiungerne!!

MARC

LEADER 00000nam a2200000 4500
001 c129511
005 20041019155246.5
041 0 |a slo 
044 |a SK 
245 1 0 |a Príručka právnych predpisov pre knižnice a informačné strediská VTEI  |b dodatok k 1.-4. zväzku  |c Jozef Bezák 
264 1 |a Bratislava  |b Slovenské pedagogické nakladateľstvo  |c 1980 
300 |a S. 497-893 
100 1 |a Bezák, Jozef